Sudden Death - March Madness Winners - Statistics

General Stats
  • This quiz has been taken 243 times
  • The average score is 7 of 15
Answers on the Grid
Answers color-coded by a green-red scale on the quiz's grid according to % correct below.
Kansas
UCLA
Washington
Tennessee
Oklahoma St
Kentucky
Penn St
Indiana
Auburn
Illinois
Georgia
Duke
Alabama
Colorado
Georgetown
La Salle
Northern Kentucky
Holy Cross
Utah
Virginia
Gonzaga
San Diego St
Baylor
Creighton
Butler
Ole Miss
Marquette
Cincinnati
Northwestern
Maryland
 
Answer Stats
Answer % Correct
Kansas
92%
UCLA
85%
Kentucky
69%
Duke
61%
Virginia
51%
Indiana
50%
Baylor
48%
Georgetown
37%
Maryland
32%
Oklahoma St
32%
Cincinnati
31%
La Salle
31%
Holy Cross
29%
Marquette
25%
Utah
20%
No matching quizzes found
Score Distribution
Percent of People with Each Score
Percentile by Number Answered
Your Score History
You have not taken this quiz